000 01107cab a2200241 4500
001 E2293
008 090401t1995 xxu||||| |||| 00| 0 eng d
035 _a(Sirsi) u38649
041 _aeng
245 _aHouston v East Kilbride Development Corporation
260 _c1995
350 _a0
490 _aScots Law Times
_v1995 SLT(Lands Tr.), 12-15(4)
520 _aLands Tribunal for Scotland. Sheriff A C Horsfall, QC; A R MacLeary. 21 May 1993. Landlord and tenant - public sector housing - tenants` rights - purchase of dwellinghouse - notice of refusal - whether tenancy secure - house provided with facilities specially designed or adapted for persons of pensionable age or disabled persons - house occupiedf by resident warden within sheltered housing complex - Housing (Scotland) Act 1987 (c26), s61(4)(a).
650 _aHOUSING (SCOTLAND) ACT 1987
650 _aLANDS TRIBUNAL FOR SCOTLAND
650 _aSECURE TENANCIES
650 _aSHELTERED HOUSING
650 _aTENANTS' RIGHTS
690 _aLANDLORD AND TENANT-CASE LAW-RESIDENTIAL TENANCIES
942 _n0
948 _c04/03/1997
999 _c24833
_d24833